Normal view
MARC view
- Disaster Mangement
Entry Topical Term
001 - CONTROL NUMBER
- control field: 36206
003 - CONTROL NUMBER IDENTIFIER
- control field: NUST
005 - DATE AND TIME OF LATEST TRANSACTION
- control field: 20210312152115.0
008 - FIXED-LENGTH DATA ELEMENTS
- fixed length control field: 210312|| aca||aabn | a|a d
040 ## - CATALOGING SOURCE
- Original cataloging agency: NUST
- Transcribing agency: NUST
150 ## - HEADING--TOPICAL TERM
- Topical term or geographic name entry element: Disaster Mangement
670 ## - SOURCE DATA FOUND
- Source citation: Work cat.: (NUST)15142: Muhammad Azeem 28404, Glacial Lake Outburst Flood hazard in Hunza River Basin, Implication and Future Risk Analysis under Changing Climate , 2020.
